000 00423nam a2200169Ia 4500
001 11084
003 IN-NITTTR
005 20251114233103.0
008 251113s9999||||xx |||||||||||||| ||eng||
040 _beng
040 _cIN-NITTTR
041 _aeng
082 _a697.7802472 C839S
100 _aCowan, Henry J.
245 0 _aSolar energy applications in the design of buildings. /
_cCowan, Henry J.
942 _2ddc
_cBK
999 _c13720
_d13720